• 首页
  • 本馆介绍
  • 公告通知
  • 最新文献
  • 馆藏检索
  • 电子资源
  • 读者导购
  • 参考咨询
  • 我的图书馆
  • 登录
  • 详细信息显示
  • 放入我的书架
  • 预约/预借图书
  • 作者相关作品
  • 分类相关作品
  • 丛书相关作品
  • 出版社相关作品

书目信息

  • 表格格式
  • 工作单格式
  • 卡片格式
题名:
中国农业—新世纪的商机
    
 
作者: ;国务院发展研究中心 著
分册:  
出版信息: 北京   经济日报出版社  2000.12
页数: 272页
开本: 21cm
丛书名:
单 册:
中图分类: F426.82
科图分类:
主题词: 粮食企业--企业管理--经验--中国 , 粮食企业 , 企业管理
电子资源:
ISBN: 7-80127-813-5
000 01112nam0 2200289 45
001 012005400019
005 20060914082829.57
010    @a7-80127-813-5@dCNY22.80
092    @aCN@b161464
100    @a20050829d2000 em y0chiy0120 ea
101 0  @achi
102    @aCN@b110000
105    @ay z 000yy
200 1  @a中国农业—新世纪的商机@Azhong guo nong ye— xin shi ji de shang ji@e金健米业发展战略研究@f国务院发展研究中心等著@Fguo wu yuan fa zhan yan jiu zhong xin deng zhu
210    @a北京@c经济日报出版社@d2000.12
215    @a272页@d21cm
320    @a有书目(第269~272页)
330    @a本书教你如何把握商机,如何投资项目。内容包括:文化产业的商业机会、旅游休闲产业的商业机会、体育产业的商业机会、食品业的商业机会、餐饮业的商业机会等。
517 1  @a金健米业发展战略研究@Ajin jian mi ye fa zhan zhan lue yan jiu
606 0  @a粮食企业@x企业管理@x经验@y中国
606 0  @a粮食企业
606 0  @a企业管理
690    @aF426.82@v4
711 02 @a国务院发展研究中心@Aguo wu yuan fa zhan yan jiu zhong xin@4著
801  0 @aCN@bLZJBOOK@c20060914
905    @aBZT@dF426.82@e1
906    @dCNY22.80@n0@r1
    
    中国农业—新世纪的商机:金健米业发展战略研究/国务院发展研究中心等著.-北京:经济日报出版社,2000.12
    272页;21cm
    
    
    ISBN 7-80127-813-5:CNY22.80
    本书教你如何把握商机,如何投资项目。内容包括:文化产业的商业机会、旅游休闲产业的商业机会、体育产业的商业机会、食品业的商业机会、餐饮业的商业机会等。
●
相关链接 在五车中查询图书 在当当中查询图书 在豆瓣中查询图书


正题名:中国农业—新世纪的商机     索取号:F426.82/1         预约/预借

序号 登录号 条形码 馆藏地/架位号 状态 备注
1 457024   230013386   中心书库北库/ 北库017架B面4列6层16/ [索取号:F426.82/1] 在馆    
2 457025   230013385   中心书库北库/ 北库017架B面4列6层17/ [索取号:F426.82/1] 在馆    
3 457026   230013384   中心书库北库/ 北库017架B面4列6层18/ [索取号:F426.82/1] 在馆    
4 457027   230013383   中心书库北库/ 北库017架B面4列6层20/ [索取号:F426.82/1] 在馆    
5 457028   230013382   中心书库北库/ 北库017架B面4列6层19/ [索取号:F426.82/1] 在馆    
山东省滨州职业学院图书馆 欢迎您!
大连网信软件有限公司© 版权所有